00748nab a2200205 4500003000900000005001700009008004100026040001800067072003700085100002100122245003700143500001300180650001700193650002700210650003300237650002700270650004200297650002000339773018300359BR-BrBNA20251106110911.0251106b bl.||||| |||| 00| 0 por d aBR-BrBNAbpor aT01 ; T10 ; Q03 ; E50; C10 ; N20 aPontes, Alécia aEm pratos limposbAgronegócios a2 illus. aAGROTÓXICO aPOLUIÇÃO AMBIENTAL aCONTAMINAÇÃO DE ALIMENTO aEDUCAÇÃO AMBIENTAL aEQUIPAMENTO DE PROTEÇÃO AMBIENTAL aBIOSSEGURANÇA0 01706dSão Paulo-SP Editora Três Ltda - E-mail: luizfsa@revistadinheiro.com.br 2004o2025-0495tDinheiro Rural (Brazil)x1807-3700gv. 8(91) p. 64-65; (May 2012)wBR2025004647